|
|
|
|
| LEADER |
00000cam a22000002c 4500 |
| 001 |
184005817X |
| 003 |
DE-627 |
| 005 |
20250909204345.0 |
| 007 |
cr uuu---uuuuu |
| 008 |
230324s2007 xx |||||o 00| ||eng c |
| 024 |
7 |
|
|a 10.3886/ICPSR13697.v1
|2 doi
|
| 035 |
|
|
|a (DE-627)184005817X
|
| 035 |
|
|
|a (DE-599)KXP184005817X
|
| 040 |
|
|
|a DE-627
|b ger
|c DE-627
|e rda
|
| 041 |
|
|
|a eng
|
| 084 |
|
|
|a 2,1
|2 ssgn
|
| 100 |
1 |
|
|a Earls, Felton J.
|e VerfasserIn
|4 aut
|
| 245 |
1 |
0 |
|a Project on Human Development in Chicago Neighborhoods (PHDCN): My Exposure to Violence (Subject and Young Adult), Wave 3, 2000-2002
|
| 264 |
|
1 |
|a [Erscheinungsort nicht ermittelbar]
|b [Verlag nicht ermittelbar]
|c 2007
|
| 336 |
|
|
|a Text
|b txt
|2 rdacontent
|
| 337 |
|
|
|a Computermedien
|b c
|2 rdamedia
|
| 338 |
|
|
|a Online-Ressource
|b cr
|2 rdacarrier
|
| 520 |
|
|
|a The Project on Human Development in Chicago Neighborhoods (PHDCN) was a large-scale, interdisciplinary study of how families, schools, and neighborhoods affect child and adolescent development. One component of the PHDCN was the Longitudinal Cohort Study, which was a series of coordinated longitudinal studies that followed over 6,000 randomly selected children, adolescents, and young adults, and their primary caregivers over time to examine the changing circumstances of their lives, as well as the personal characteristics, that might lead them toward or away from a variety of antisocial behaviors. Numerous measures were administered to respondents to gauge various aspects of human development, including individual differences, as well as family, peer, and school influences. One such measure was the My Exposure to Violence (Subject and Young Adult) instrument. This detailed subject self-report instrument was administered to Cohorts 3, 6, 9, 12, 15, and 18 and obtained information regarding the subject's lifetime and past-year exposure to violent events. A short form of the subject self-report instrument was used with subjects in Cohorts 3 and 18. The subject self-report instrument is closely related to PROJECT ON HUMAN DEVELOPMENT IN CHICAGO NEIGHBORHOODS (PHDCN): MY EXPOSURE TO VIOLENCE (SUBJECT), WAVE 2, 1997-2000 (ICPSR 13617) and is complemented by the primary caregiver report instrument, PROJECT ON HUMAN DEVELOPMENT IN CHICAGO NEIGHBORHOODS (PHDCN): MY CHILD'S EXPOSURE TO VIOLENCE, WAVE 3, 2000-2002 (ICPSR 13698).
|
| 540 |
|
|
|a ICPSR Terms of Use
|
| 650 |
|
4 |
|a Adolescents
|
| 650 |
|
4 |
|a Assault
|
| 650 |
|
4 |
|a Child Development
|
| 650 |
|
4 |
|a Childhood
|
| 650 |
|
4 |
|a Family Violence
|
| 650 |
|
4 |
|a Neighborhoods
|
| 650 |
|
4 |
|a Sexual Assault
|
| 650 |
|
4 |
|a Social Behavior
|
| 650 |
|
4 |
|a Threats
|
| 650 |
|
4 |
|a Violence
|
| 655 |
|
7 |
|a Forschungsdaten
|0 (DE-588)1098579690
|0 (DE-627)857755366
|0 (DE-576)469182156
|2 gnd-content
|
| 700 |
1 |
|
|a Brooks-Gunn, Jeanne
|e MitwirkendeR
|4 ctb
|
| 700 |
1 |
|
|a Raudenbush, Stephen W.
|e MitwirkendeR
|4 ctb
|
| 700 |
1 |
|
|a Sampson, Robert J.
|e MitwirkendeR
|4 ctb
|
| 787 |
0 |
8 |
|i Forschungsdaten zu
|a Alers-Rojas, Francheska
|t Adolescents' exposure to community violence and associations with after-school activities across two samples
|d 2024
|w (DE-627)1912450542
|
| 787 |
0 |
8 |
|i Forschungsdaten zu
|a Steele, Jennifer L.
|t Adolescent Substance Use and General Social Strain Theory: The Influence of Race/Ethnic-Related Strains and Protective Factors
|d [Erscheinungsort nicht ermittelbar] : University of Akron, 2011
|w (DE-627)1912450844
|
| 787 |
0 |
8 |
|i Forschungsdaten zu
|a Jain, Sonia
|t Behavioral adaptation among youth exposed to community violence: A longitudinal multidisciplinary study of family, peer and neighborhood-level protective factors
|d 2013
|w (DE-627)1912466775
|
| 787 |
0 |
8 |
|i Forschungsdaten zu
|a Antunes, Maria
|t Benefits of inner-city mobility on youth violence: Do immigrants fare better?
|d Academy of Criminal Justice Sciences, 2019
|w (DE-627)1912467305
|
| 787 |
0 |
8 |
|i Forschungsdaten zu
|a Price, Maggie
|t Complex Trauma Experience in Children and Adolescents: An Assessment of the Effects of Trauma Type and Role of Interpersonal Proximity
|d [Erscheinungsort nicht ermittelbar] : University of Hawaii, Hilo, 2012
|w (DE-627)1912488345
|
| 787 |
0 |
8 |
|i Forschungsdaten zu
|a Zimmerman, Gregory M.
|t The covariates of parent and youth reporting differences on youth secondary exposure to community violence
|d 2014
|w (DE-627)1912495457
|
| 787 |
0 |
8 |
|i Forschungsdaten zu
|a Scott, Deena A.I.
|t Disentangling the impact of female victimization across racial and ethnic lines
|d 2018
|w (DE-627)1912515717
|
| 787 |
0 |
8 |
|i Forschungsdaten zu
|a Zimmerman, Gregory M.
|t Do age effects on youth secondary exposure to violence vary across social context?
|d 2015
|w (DE-627)1912517043
|
| 787 |
0 |
8 |
|i Forschungsdaten zu
|a Madero-Hernandez, Arelys N.
|t Examining Three Alternative Adaptations for the Race/Ethnicity Disparities in Violent Victimization: Mediation, Moderation, and Contextual Effects
|d [Erscheinungsort nicht ermittelbar] : University of Cincinnati, 2014
|w (DE-627)1912547988
|
| 787 |
0 |
8 |
|i Forschungsdaten zu
|a Kennedy, Traci M.
|t Exposed: Revealing Patterns of Community Violence Exposure and Psychological Well-Being Among Urban Youth
|d [Erscheinungsort nicht ermittelbar] : University of Michigan, 2013
|w (DE-627)1912552671
|
| 787 |
0 |
8 |
|i Forschungsdaten zu
|a Stritzel, Haley
|t Exposure to violence in the context of family structure changes, social cohesion, and neighborhood crime
|d Population Association of America, 2017
|w (DE-627)1912553007
|
| 787 |
0 |
8 |
|i Forschungsdaten zu
|a Zona, Kate
|t Gender differences in the longitudinal impact of exposure to violence on mental health in urban youth
|d 2011
|w (DE-627)191256534X
|
| 787 |
0 |
8 |
|i Forschungsdaten zu
|a Antunes, Maria
|t Gender differences in youth exposure to community violence: A partial test of power-control theory
|d 2019
|w (DE-627)1912565714
|
| 787 |
0 |
8 |
|i Forschungsdaten zu
|a Zimmerman, Gregory M.
|t Incorporating unstructured socializing into the study of secondary exposure to community violence: Etiological and empirical implications
|d 2014
|w (DE-627)1912588331
|
| 787 |
0 |
8 |
|i Forschungsdaten zu
|a Estrada, Suzanne
|t Individual and environmental correlates of childhood maltreatment and exposure to community violence: Utilizing a latent profile and a multilevel meta-analytic approach
|d 2021
|w (DE-627)1912589400
|
| 787 |
0 |
8 |
|i Forschungsdaten zu
|a Antunes, Maria
|t Inner-city mobility: Does moving within the city reduce exposure to violence for immigrant and minority youths?
|d American Society of Criminology, 2017
|w (DE-627)1912592797
|
| 787 |
0 |
8 |
|i Forschungsdaten zu
|a Grubb, Jonathan A.
|t Integrated Theory and the Path Less Traveled: Recognizing the Applicability of an Integrated Criminological Theory for Examining Violent Victimization
|d [Erscheinungsort nicht ermittelbar] : Sam Houston State University, 2015
|w (DE-627)1912593734
|
| 787 |
0 |
8 |
|i Forschungsdaten zu
|a Isom Scott, Deena
|t Latina fortitude in the face of disadvantage: exploring the conditioning effects of ethnic identity and gendered ethnic identity on Latina offending
|d 2018
|w (DE-627)1845893816
|
| 787 |
0 |
8 |
|i Forschungsdaten zu
|a Alers-Rojas, Francheska
|t Latina mothers' awareness of their children's exposure to community violence
|d 2020
|w (DE-627)1912606224
|
| 787 |
0 |
8 |
|i Forschungsdaten zu
|a Oshio, Toko
|t A Longitudinal Examination of Harsh Discipline and Externalizing Behavior: An Ecological Perspective
|d [Erscheinungsort nicht ermittelbar] : Michigan State University, 2009
|w (DE-627)1912612178
|
| 787 |
0 |
8 |
|i Forschungsdaten zu
|a Zimmerman, Gregory M.
|t Neighborhood context and the gender gap in adolescent violent crime
|d 2010
|w (DE-627)1912633604
|
| 787 |
0 |
8 |
|i Forschungsdaten zu
|a Montenegro Guerra, María José
|t Prevalence and variations of sexual violence victimization among US-based Latino adults and adolescents: A systematic literature review
|d 2024
|w (DE-627)1912661535
|
| 787 |
0 |
8 |
|i Forschungsdaten zu
|a Lobo Antunes, Maria J.
|t Protecting youth against exposure to violence: Intersections of race/ethnicity, neighborhood, family, and friends
|d 2015
|w (DE-627)1912668572
|
| 787 |
0 |
8 |
|i Forschungsdaten zu
|a Jain, Sonia
|t Protective factors for youth exposed to violence: Role of developmental assets in building emotional resilience
|d 2012
|w (DE-627)1912668742
|
| 787 |
0 |
8 |
|i Forschungsdaten zu
|a Steele, Jennifer L.
|t Race and general strain theory: Examining the impact of racial discrimination and fear on adolescent marijuana and alcohol use
|d 2016
|w (DE-627)1912672626
|
| 787 |
0 |
8 |
|i Forschungsdaten zu
|a Fagan, Abigail A.
|t Racial/ethnic differences in the relationship between neighborhood disadvantage and adolescent substance use
|d 2013
|w (DE-627)1912675927
|
| 787 |
0 |
8 |
|i Forschungsdaten zu
|a Antunes, Maria
|t Social disorganization and strain: Macro and micro implications for youth violence
|d 2021
|w (DE-627)1912706059
|
| 787 |
0 |
8 |
|i Forschungsdaten zu
|a Price, Maggi
|t Trauma experience in children and adolescents: An assessment of the effects of trauma type and role of interpersonal proximity
|d 2013
|w (DE-627)191272815X
|
| 787 |
0 |
8 |
|i Forschungsdaten zu
|a Molnar, Beth E.
|t Violent behavior by girls reporting violent victimization: A prospective study
|d 2005
|w (DE-627)191274418X
|
| 856 |
4 |
0 |
|u https://doi.org/10.3886/ICPSR13697.v1
|x Resolving-System
|z kostenfrei
|3 Volltext
|7 0
|
| 935 |
|
|
|a mkri
|
| 951 |
|
|
|a BO
|
| ELC |
|
|
|a 1
|
| LOK |
|
|
|0 000 xxxxxcx a22 zn 4500
|
| LOK |
|
|
|0 001 4296805797
|
| LOK |
|
|
|0 003 DE-627
|
| LOK |
|
|
|0 004 184005817X
|
| LOK |
|
|
|0 005 20230324125254
|
| LOK |
|
|
|0 008 230324||||||||||||||||ger|||||||
|
| LOK |
|
|
|0 035
|a (DE-2619)ICPSR13697
|
| LOK |
|
|
|0 040
|a DE-2619
|c DE-627
|d DE-2619
|
| LOK |
|
|
|0 092
|o n
|
| LOK |
|
|
|0 852
|a DE-2619
|
| LOK |
|
|
|0 852 1
|9 00
|
| LOK |
|
|
|0 935
|a foda
|a nacj
|
| LOK |
|
|
|0 939
|a 24-03-23
|b l01
|
| OAS |
|
|
|a 1
|
| ORI |
|
|
|a SA-MARC-krimdoka001.raw
|